| 000 | 00547nam a2200181 i 4500 | ||
|---|---|---|---|
| 001 | 157793 | ||
| 003 | ES-MaACL | ||
| 005 | 20250813015837.0 | ||
| 008 | 931025s1879 it |||| | ita d | ||
| 245 | 0 | 0 |
_aLirici del XVI _b: con cenni biografici. |
| 250 | _aEd. stereotipa. | ||
| 260 |
_aMilano : _bEdoardo Sonzogno, _c1879. |
||
| 300 |
_a350 p. ; _c19 cm. |
||
| 490 | 1 |
_aBiblioteca Classica Económica ; _v62 |
|
| 830 | 0 | 0 |
_aBiblioteca classica economica _v62 _9182054 |
| 852 |
_aES-MaACL _jF-10614 _z-- Enc. hol. |
||
| 999 |
_c157793 _d157793 |
||